| 000 | 01240nam a2200361 c 4500 | ||
|---|---|---|---|
| 700 | 1 |
_aИлиева, Милена Маринова _972691 |
|
| 999 |
_c79037 _d79037 |
||
| 003 | BLK | ||
| 005 | 20250521103829.0 | ||
| 008 | 180408b bul|||||r ||||||| ||bul|| | ||
| 010 | _aKNG00083509000 | ||
| 020 | _a978-954-585-877-2 | ||
| 040 | _aBLK | ||
| 041 |
_aBUL _cBUL |
||
| 080 |
_aАмериканска литература (на САЩ) _b821.111(73) _x-312.4 _z821.111(73)-312.4 |
||
| 100 | 1 |
_aРолинс, Джеймс _eпърви автор _gЧайковски, Джим _9116829 |
|
| 139 |
_aРолинс, Джеймс _bР 82 |
||
| 245 | 1 | 0 |
_aЩамът на Юда _bРоман _cДжеймс Ролинс; прев. Милена Маринова Илиева. |
| 257 | _aUSA | ||
| 260 |
_bБард _c2008 |
||
| 300 |
_a572 с. _c20 см |
||
| 380 | _aX | ||
| 490 | 1 | _aКралете на трилъра | |
| 500 | _aОриг. загл. The Judas Strain / James Rollins. | ||
| 653 | _aтрилъри | ||
| 653 | _aромани | ||
| 852 | _aЦб 239858 | ||
| 856 | 4 | _qpdf | |
| 856 | 4 | _qpdf | |
| 942 |
_cKNG _n0 _029 _s1 |
||
| 944 |
_aCR _c24.04.2008 _k30576 _lЦветомила Тодорова |
||
| 944 |
_aED _c06.02.2009 |
||
| 999 | _d79037 | ||